[Event "Moscow Open 2009 C"]
[Site "?"]
[Date "2009.02.03"]
[Round "4.11"]
[White "Aketaeva, Dana"]
[Black "Bodnaruk, Anastasia"]
[Result "0-1"]
[WhiteElo "2283"]
[BlackElo "2384"]
[Annotator ""]
[Source ""]
[Remark ""]

1.e4 c5 2.Nf3 d6 3.d4 cxd4 4.Nxd4 Nf6 5.Nc3 a6 6.Be2 e5 7.Nb3
Be7 8.O-O O-O 9.Be3 Be6 10.Qd2 Nbd7 11.a4 Qc7 12.a5 Rac8 13.Rfd1
Rfd8 14.f3 Nc5 15.Nxc5 dxc5 16.Qe1 Rxd1 17.Qxd1 c4 18.Kh1 Bb4
19.Bb6 Qc6 20.Na4 Nd7 21.c3 Be7 22.Be3 Bd8 23.b4 cxb3 24.Nb2
Bxa5 25.Rxa5 Qxc3 26.Nc4 Bxc4 27.Bxc4 Qxe3 28.h3 Rxc4 29.Qxd7
Rc1+ 0-1

[Event "Moscow Open 2009 C"]
[Site "?"]
[Date "2009.02.03"]
[Round "4.12"]
[White "Demina, Julia"]
[Black "Iljushina, Olga"]
[Result "1/2-1/2"]
[WhiteElo "2361"]
[BlackElo "2269"]
[Annotator ""]
[Source ""]
[Remark ""]

1.d4 d5 2.Nf3 c6 3.c4 Nf6 4.e3 e6 5.Nc3 Nbd7 6.Qc2 Bd6 7.Bd2
O-O 8.Rc1 Re8 9.Be2 dxc4 10.Bxc4 e5 11.Ng5 Rf8 12.O-O h6 13.Nce4
Bc7 14.Nxf6+ Nxf6 15.dxe5 hxg5 16.exf6 Qxf6 17.Bc3 Qh6 18.g3
Bg4 19.Be2 Qe6 20.Bxg4 Qxg4 21.Kg2 Rfe8 22.Rfd1 Qe6 23.b3 Rad8
24.h3 Rd5 25.Bd4 a6 26.Rd2 Red8 27.Rcd1 c5 28.Bc3 Be5 29.Rxd5
Rxd5 30.Rxd5 Qxd5+ 31.e4 Qd6 32.Bxe5 1/2-1/2

[Event "Moscow Open 2009 C"]
[Site "?"]
[Date "2009.02.03"]
[Round "4.13"]
[White "Repina, Varvara"]
[Black "Charochkina, Daria"]
[Result "1-0"]
[WhiteElo "2258"]
[BlackElo "2316"]
[Annotator ""]
[Source ""]
[Remark ""]

1.d4 b6 2.e4 Bb7 3.Bd3 e6 4.c4 Qh4 5.g3 Bb4+ 6.Kf1 Qf6 7.Nf3
h6 8.Kg2 g5 9.a3 Bf8 10.h3 d6 11.Be3 Qg7 12.Nc3 Nf6 13.Qa4+ Bc6
14.Qc2 Be7 15.d5 Bd7 16.b4 g4 17.hxg4 Nxg4 18.Bd2 Rg8 19.Ne2
Bc8 20.Bc3 Bf6 21.Bxf6 Qxf6 22.c5 dxc5 23.bxc5 Nd7 24.Bb5 Kf8
25.cxb6 Nxb6 26.Qxc7 exd5 27.Bc6 Ba6 28.Ned4 Rc8 29.Qxa7 Rxc6
30.e5 Qg6 31.Nxc6 Ne3+ 32.Kg1 Qxc6 33.Qxa6 Qc3 34.Re1 Nec4 35.Kg2
Rg6 36.a4 Kg7 37.Qb7 Re6 38.Rh5 Qd3 39.Rh4 Qg6 40.Reh1 1-0

[Event "Moscow Open 2009 C"]
[Site "?"]
[Date "2009.02.03"]
[Round "4.14"]
[White "Muzychuk, Mariya"]
[Black "Sukhareva, Evgeniya"]
[Result "1-0"]
[WhiteElo "2427"]
[BlackElo "2178"]
[Annotator ""]
[Source ""]
[Remark ""]

1.e4 c5 2.Nf3 d6 3.Bb5+ Nd7 4.d4 cxd4 5.Qxd4 e5 6.Qd3 Be7 7.Nc3
Ngf6 8.Bg5 O-O 9.Bxd7 Qxd7 10.Bxf6 Bxf6 11.Rd1 Qg4 12.Nd5 Bg5
13.O-O Bd7 14.Nxg5 Qxg5 15.Qe3 Qh4 16.Nc3 f5 17.exf5 Bxf5 18.Rxd6
Qb4 19.Rd5 Qxb2 20.Rb5 Qxc2 21.Rxb7 Rac8 22.Nd5 Qe4 23.Qg5 Bg6
24.Ne7+ Kh8 25.Rxa7 Rc2 26.Nxg6+ Qxg6 27.Qe7 Re8 28.Qb7 h6 29.a4
e4 30.Ra8 Kh7 31.Rxe8 Qxe8 32.a5 Qa4 33.h3 Rc5 34.a6 Ra5 35.Re1
Rxa6 36.Rxe4 Qd1+ 37.Kh2 Qd6+ 38.g3 Rb6 39.Qa8 Rb8 40.Qa7 Rf8
41.Qe3 Rf6 42.Rd4 Qc5 43.Kg1 Qf5 44.Kg2 Qb1 45.Rd7 Qf5 46.Qa7
Qf3+ 47.Kg1 Rg6 48.Qc7 Qf5 49.Kg2 Qe4+ 50.Kh2 Qe2 51.Rf7 Qb2
52.Qe7 Qd4 53.Rf8 h5 54.Qe8 Kh6 55.Rh8+ Kg5 56.f4+ Kf5 57.Rxh5+
Kf6 58.Qf8+ Ke6 59.Re5+ Kd7 60.Qf7+ 1-0

[Event "Moscow Open 2009 C"]
[Site "?"]
[Date "2009.02.03"]
[Round "4.15"]
[White "Drozdova, Dina"]
[Black "Mongontuul, Bathuyag"]
[Result "0-1"]
[WhiteElo "2175"]
[BlackElo "2425"]
[Annotator ""]
[Source ""]
[Remark ""]

1.d4 Nf6 2.c4 g6 3.Nc3 Bg7 4.e4 d6 5.h3 O-O 6.Nf3 e5 7.d5 a5
8.Be3 Na6 9.Nd2 Nc5 10.g4 c6 11.Qf3 a4 12.Bg5 h6 13.Be3 Qa5 14.Rb1
Qb4 15.a3 Qa5 16.Be2 Bd7 17.O-O Nh7 18.Qg2 Kh8 19.f3 f5 20.Kh1
cxd5 21.cxd5 f4 22.Bf2 b5 23.Rfc1 Rac8 24.Qf1 Rb8 25.Be1 b4 26.Nc4
Qc7 27.Na2 bxa3 28.bxa3 Rxb1 29.Rxb1 Nb3 30.Bb4 Rf6 31.Nc3 h5
32.Bd1 hxg4 33.hxg4 Nd4 34.Ba5 Qa7 35.Bd8 Rf8 36.Be7 Rc8 37.Nxd6
Rxc3 38.Rb7 Bb5 39.Qe1 Qxb7 40.Nxb7 Rc1 41.Nd6 Be2 42.Qa5 Rxd1+
43.Kg2 Nf8 44.Bxf8 Bxf8 45.Qd8 Bxf3+ 46.Kf2 Rd2+ 47.Ke1 Re2+
48.Kd1 Kg8 49.Qe8 Rc2+ 50.Ke1 Rc7 51.Qxg6+ Rg7 52.Qe8 Bxg4 53.Nf5
Nxf5 54.exf5 Bxf5 55.d6 e4 56.Qe5 Bg4 57.Qxf4 Rg6 58.Qe5 Bxd6
59.Qe8+ Kg7 60.Qxa4 Kh6 61.Qa5 e3 62.Qc3 Bg3+ 0-1

[Event "Moscow Open 2009 C"]
[Site "?"]
[Date "2009.02.03"]
[Round "4.16"]
[White "Gunina, Valentina"]
[Black "Kineva, Ekaterina"]
[Result "1-0"]
[WhiteElo "2400"]
[BlackElo "2168"]
[Annotator ""]
[Source ""]
[Remark ""]

1.d4 d5 2.c4 e6 3.Nf3 Nf6 4.Nc3 dxc4 5.Bg5 Be7 6.e3 O-O 7.Bxc4
Nbd7 8.O-O c5 9.Qe2 a6 10.Rfd1 b5 11.dxc5 Qc7 12.c6 Qxc6 13.Bd3
Nc5 14.e4 Nxd3 15.Rxd3 b4 16.e5 bxc3 17.exf6 gxf6 18.Bh6 cxb2
19.Qxb2 Rd8 20.Ne5 fxe5 21.Rg3+ Kh8 22.Qxe5+ f6 23.Bg7+ Kg8 24.Bxf6+
Kf8 25.Bxe7+ Kxe7 26.Rg7+ 1-0

[Event "Moscow Open 2009 C"]
[Site "?"]
[Date "2009.02.03"]
[Round "4.17"]
[White "Samigullina, Diana"]
[Black "Vasilkova, Svetlana"]
[Result "1/2-1/2"]
[WhiteElo "2083"]
[BlackElo "2371"]
[Annotator ""]
[Source ""]
[Remark ""]

1.d4 Nf6 2.Nf3 e6 3.e3 c5 4.Bd3 b6 5.O-O Bb7 6.c4 cxd4 7.exd4
d6 8.Nc3 Be7 9.Bg5 Nbd7 10.Rc1 O-O 11.Bb1 Re8 12.Re1 Rc8 13.b3
a6 14.Nd2 d5 15.Qf3 Nf8 16.Nf1 Qd7 17.Qd3 Ng6 18.Ne3 h6 19.Bxf6
Bxf6 20.Na4 dxc4 21.Rxc4 b5 22.Rxc8 Bxc8 23.Nc5 Qxd4 24.Qc2 Be7
25.Nxa6 Qb6 26.Nc7 Rd8 27.a4 bxa4 28.bxa4 Qa5 29.Rc1 Bd7 30.Nb5
Rc8 31.Qd1 Rxc1 32.Qxc1 Qxa4 33.Nc3 Qa1 34.Ned1 Bf6 35.Qd2 Bc6
36.Be4 Bxc3 37.Qd8+ Kh7 38.Bxc6 Ne5 39.Bb5 Bd4 40.Be2 Ng6 41.g3
e5 42.Qd5 Kg8 43.Kg2 Nf8 44.Bc4 Qa7 45.Qf3 Qc7 46.Bd5 Qd7 47.Bc6
Qe7 48.Ne3 Bxe3 49.Qxe3 Qd6 50.Qf3 g6 51.h4 h5 52.Bd5 Qe7 53.Qe4
Qd6 54.Qc4 Qe7 55.Qe4 Qc7 56.Qf3 Kg7 57.Ba2 Qe7 58.Qd5 Nh7 59.Qf3
Nf6 60.Bb3 Ng4 61.Bd5 Qa7 62.Qe2 Qc7 63.Bf3 Nh6 64.Be4 Qc5 65.Qa2
f5 66.Bf3 Nf7 67.Qb2 Nd6 68.Qb8 f4 69.Qd8 Nf5 70.Qd7+ Ne7 71.Be4
fxg3 72.fxg3 Kf6 73.Qd8 Qd4 74.Qf8+ Ke6 75.Qf3 Qd2+ 76.Kh3 Qe1
77.Kg2 Qc1 78.Kh2 Qb2+ 79.Kh3 Qb8 80.Kg2 Qe8 81.Qb3+ Kf6 82.Qb6+
Kf7 83.Qd6 Nf5 84.Bxf5 gxf5 85.Qh6 Ke7 86.Qg5+ Ke6 87.Qh6+ Ke7
88.Qg5+ Ke6 89.Qh6+ Kd7 90.Qh7+ Ke6 91.Qh6+ Kd5 92.Qd2+ Ke6 93.Qh6+ 1/2-1/2

[Event "Moscow Open 2009 C"]
[Site "?"]
[Date "2009.02.03"]
[Round "4.18"]
[White "Yakovich, Yuliya"]
[Black "Grabuzova, Tatiana"]
[Result "1/2-1/2"]
[WhiteElo "2125"]
[BlackElo "2332"]
[Annotator ""]
[Source ""]
[Remark ""]

1.e4 c6 2.d4 d5 3.Nc3 dxe4 4.Nxe4 Bf5 5.Ng3 Bg6 6.h4 h6 7.Nf3
Nd7 8.h5 Bh7 9.Bd3 Bxd3 10.Qxd3 e6 11.Bd2 Ngf6 12.O-O-O Qc7 13.Ne4
O-O-O 14.g3 Nxe4 15.Qxe4 Bd6 16.Kb1 Rhe8 17.Qh7 Rg8 18.c4 Nf6
19.Qc2 c5 20.d5 Rde8 21.Bc3 e5 22.Rhe1 Kb8 23.Qf5 Qd7 24.Nh4
Qxf5+ 25.Nxf5 Kc7 26.Rh1 Ne4 27.Be1 Be7 28.g4 Nd6 29.Nxd6 Kxd6
30.Bc3 Bg5 31.Kc2 a6 32.a4 b5 33.axb5 axb5 34.cxb5 Rb8 35.Kb3
Rxb5+ 36.Kc4 Rgb8 37.Ra1 Rb4+ 38.Bxb4 Rxb4+ 39.Kc3 Bf6 40.Ra6+
Kxd5 41.Rd1+ Rd4 42.Ra7 Ke4 43.Rxd4+ exd4+ 44.Kc4 d3 45.Ra3 d2
46.Rd3 Bxb2 47.f3+ Kf4 48.Rxd2 Bd4 49.Rd3 f5 50.gxf5 Kxf5 51.Rd1
Kf4 52.Rf1 Ke3 53.f4 Ke2 54.Rh1 Kf3 55.Rf1+ Kg4 56.Rh1 Kxf4 57.Kd5
Kg5 58.Ke4 Bf6 59.Kd5 Bd4 60.Ke4 g6 61.hxg6 Kxg6 62.Kf3 Kg5 63.Rc1
Kf5 64.Kg2 Ke4 65.Rxc5 1/2-1/2

[Event "Moscow Open 2009 C"]
[Site "?"]
[Date "2009.02.03"]
[Round "4.19"]
[White "Severiukhina, Zoja"]
[Black "Fakhretdinova, Margarita"]
[Result "0-1"]
[WhiteElo "2327"]
[BlackElo "2167"]
[Annotator ""]
[Source ""]
[Remark ""]

1.e4 e5 2.Nf3 Nc6 3.Bb5 a6 4.Ba4 Nf6 5.O-O d6 6.Re1 b5 7.Bb3
Be7 8.c3 Na5 9.Bc2 O-O 10.h3 c5 11.d4 Nd7 12.Nbd2 cxd4 13.cxd4
Nc6 14.Nb3 a5 15.Be3 a4 16.Nbd2 Bf6 17.d5 Nb4 18.Bb1 Nc5 19.Nf1
Bd7 20.g4 g6 21.Qd2 Nba6 22.Bh6 Re8 23.Kg2 Rc8 24.Ne3 b4 25.h4
b3 26.a3 Nc7 27.Kg3 Nb5 28.Ng2 Rc7 29.Bg5 Bc8 30.Rh1 Qd7 31.Ne3
Bh8 32.h5 Nd4 33.Nh4 Qb5 34.f3 Qe2 35.Qa5 Rb7 36.Rh2 Qb5 37.Qd2
Rc7 38.Nd1 Ba6 39.Nc3 Qf1 40.Rf2 Qc4 41.Ng2 Bc8 42.Ne3 Qa6 43.Rh2
Bg7 44.Ned1 Qf1 45.Nf2 Ba6 46.Rh1 Ne2+ 47.Nxe2 Qxe2 48.h6 f6
49.Qxe2 Bxe2 50.Bd2 Bf8 51.Re1 Ba6 52.Nd1 Bb5 53.Nc3 Bd7 54.Be3
Rec8 55.Kf2 Kf7 56.Ke2 Be7 57.Kd2 Bd8 58.Rg1 Rb7 59.Ke2 Ba5 60.Bd2
Bb6 61.Rg2 Rbc7 62.f4 Rf8 63.Bd3 Nxd3 64.Kxd3 Bc8 65.Ke2 Ba6+
66.Kf3 Rc4 67.Rd1 Bd4 68.f5 g5 69.Be1 Rfc8 70.Rc1 Ke7 71.Bd2
R4c7 72.Be1 Bd3 73.Rd2 Bxc3 74.bxc3 Rxc3 75.Rxc3 Rxc3 76.Rb2
Rc1 0-1

[Event "Moscow Open 2009 C"]
[Site "?"]
[Date "2009.02.03"]
[Round "4.20"]
[White "Chasovnikova, Eugenia"]
[Black "Suslova, Alena"]
[Result "0-1"]
[WhiteElo "2302"]
[BlackElo "2147"]
[Annotator ""]
[Source ""]
[Remark ""]

1.d4 Nf6 2.Nf3 g6 3.c4 Bg7 4.Nc3 O-O 5.e4 d6 6.h3 Na6 7.Bg5 Qe8
8.Be2 e5 9.dxe5 dxe5 10.O-O Nc5 11.Qc2 c6 12.Be3 Qe7 13.b4 Ne6
14.Nxe5 Nxe4 15.Qxe4 f5 16.Qc2 Bxe5 17.c5 f4 18.Bd2 Nd4 19.Bc4+
Kg7 20.Qd1 f3 21.Re1 Qc7 22.g4 h5 23.Be3 Rd8 24.Qc1 hxg4 25.Bh6+
Kh7 26.Qg5 Nf5 27.hxg4 Rd4 28.Re4 Rxe4 29.Nxe4 Nxh6 30.Re1 Nxg4
31.Qh4+ Kg7 32.Ng5 Nh6 33.Qe4 Bf6 34.Bd3 Nf5 35.Nxf3 Bd7 36.Rd1
Re8 37.Qg4 Nh4 0-1

[Event "Moscow Open 2009 C"]
[Site "?"]
[Date "2009.02.03"]
[Round "4.21"]
[White "Kushka, Alena"]
[Black "Bulmaga, Irina"]
[Result "0-1"]
[WhiteElo "2124"]
[BlackElo "2300"]
[Annotator ""]
[Source ""]
[Remark ""]

1.Nf3 d5 2.d4 Nf6 3.c4 dxc4 4.e3 e6 5.Bxc4 a6 6.O-O Nbd7 7.a4
b6 8.Nc3 Bb4 9.Na2 Bd6 10.b3 Bb7 11.Bb2 O-O 12.Nc3 Qe7 13.d5
exd5 14.Nxd5 Bxd5 15.Bxd5 Rad8 16.Bc4 Ne5 17.Nxe5 Bxe5 18.Qe2
Bxb2 19.Qxb2 a5 20.Rfd1 Rd6 21.Rxd6 Qxd6 22.Be2 Rd8 23.Qc2 Qe5
24.Rd1 Rd6 25.Rxd6 Qxd6 26.Qd1 Qxd1+ 27.Bxd1 Kf8 28.Kf1 Ke7 29.Ke2
Kd6 30.Kd3 Kc5 31.Bf3 Kb4 32.Kc2 c5 33.Be2 Ne4 34.f3 Nd6 35.g4
c4 36.Bxc4 Nxc4 37.bxc4 Kxc4 38.f4 Kb4 39.e4 Kxa4 40.e5 Kb5 41.f5
Kc5 42.g5 Kd5 0-1

[Event "Moscow Open 2009 C"]
[Site "?"]
[Date "2009.02.03"]
[Round "4.22"]
[White "Tomilova, Elena"]
[Black "Karpova, Lyudmila"]
[Result "0-1"]
[WhiteElo "2300"]
[BlackElo "2131"]
[Annotator ""]
[Source ""]
[Remark ""]

1.d4 d5 2.Bg5 c6 3.Nf3 Qb6 4.Qc1 Bf5 5.e3 e6 6.Be2 h6 7.Bh4 Be7
8.Bxe7 Nxe7 9.O-O Nd7 10.c4 O-O 11.Nc3 Rac8 12.c5 Qc7 13.b4 e5
14.dxe5 Nxe5 15.Qd2 Nxf3+ 16.Bxf3 Ng6 17.Ne2 Ne5 18.Nd4 Bg4 19.Be2
Rfe8 20.Bd3 Nxd3 21.Qxd3 Re5 22.h3 Bd7 23.f4 Re4 24.Rf3 Rce8
25.Rg3 Qd8 26.Qc3 Qf6 27.Rc1 Kf8 28.a4 a6 29.Kh2 R8e7 30.Rf3
Re8 31.Kh1 Qe7 32.Re1 Qh4 33.Ref1 Bg4 34.Kh2 Bxf3 35.Rxf3 Qf6
36.Kg1 Rb8 37.Kf2 Rbe8 38.g3 Rxd4 39.Qxd4 Re4 40.Qd2 Qa1 41.f5
Qh1 42.f6 Qh2+ 43.Ke1 Qxd2+ 44.Kxd2 Rxb4 45.fxg7+ Kxg7 46.Rf1
a5 47.Ra1 Kf6 48.Kd3 Ke5 49.Kd2 f5 50.g4 fxg4 51.hxg4 Rxg4 52.Rb1
Rb4 53.Rh1 Rxa4 54.Rh5+ Ke6 55.Rxh6+ Kd7 56.Rh8 Rc4 0-1

[Event "Moscow Open 2009 C"]
[Site "?"]
[Date "2009.02.03"]
[Round "4.23"]
[White "Savina, Anastasia"]
[Black "Kalmykova, Anastasia"]
[Result "1-0"]
[WhiteElo "2297"]
[BlackElo "2100"]
[Annotator ""]
[Source ""]
[Remark ""]

1.d4 Nf6 2.c4 e6 3.Nc3 Bb4 4.Qc2 c5 5.dxc5 Bxc5 6.Nf3 Nc6 7.a3
a6 8.Bg5 O-O 9.Rd1 h6 10.Bh4 Be7 11.e4 Qa5 12.Be2 b5 13.cxb5
axb5 14.Bxb5 Na7 15.Be2 g5 16.Bg3 d5 17.O-O dxe4 18.Nxe4 Bb7
19.Nxf6+ Bxf6 20.Qd2 Qf5 21.Bd3 Qc5 22.Bd6 Qd5 23.Bxf8 Rxf8 24.Qe3
Qa5 25.b4 Qa4 26.Bb1 Kg7 27.Qd3 Rh8 28.Nd4 Bd5 29.Bc2 Qe8 30.Rfe1
Nc6 31.Nf5+ Kf8 32.Qxd5 exd5 33.Rxe8+ Kxe8 34.Ba4 Kd7 35.Rxd5+
Ke6 36.Bxc6 Rc8 37.b5 Be5 38.Bd7+ Kxd5 39.Bxc8 1-0

[Event "Moscow Open 2009 C"]
[Site "?"]
[Date "2009.02.03"]
[Round "4.24"]
[White "Yakupova, Aysyla"]
[Black "Strutinskaya, Galina N"]
[Result "0-1"]
[WhiteElo "2076"]
[BlackElo "2291"]
[Annotator ""]
[Source ""]
[Remark ""]

1.e4 c5 2.Nf3 Nc6 3.d4 cxd4 4.Nxd4 Nf6 5.Nc3 e6 6.Nxc6 bxc6 7.e5
Nd5 8.Ne4 Qa5+ 9.c3 Ba6 10.g3 Be7 11.Qg4 Kf8 12.Bg5 Bxf1 13.Kxf1
h6 14.Bxe7+ Nxe7 15.f4 Nf5 16.Qe2 Qb6 17.Qf2 h5 18.h4 Ke7 19.Kg2
Rab8 20.b3 Qxf2+ 21.Kxf2 f6 22.Rhd1 fxe5 23.fxe5 Rb5 24.Ng5 Rxe5
25.Rd3 Rf8 26.Nf3 Nh6 27.Rad1 Ng4+ 28.Kg1 Rd5 29.Rxd5 cxd5 30.Rd3
e5 31.Ng5 Kd6 32.Rd2 Kc5 33.a4 Ne3 34.Rd3 Rf1+ 35.Kh2 Ng4+ 36.Kg2
Rf2+ 37.Kg1 Rb2 38.c4 d4 39.Ne4+ Kb4 40.Nd2 a5 41.Kf1 Kc5 42.Ke1
d5 43.cxd5 Kxd5 44.Rf3 Nf6 45.Rf5 Ra2 46.Nc4 d3 47.Rxe5+ Kd4
48.Rxa5 Ne4 49.Kf1 d2 50.Nxd2 Nxd2+ 51.Kg1 Nf3+ 52.Kf1 Ke3 0-1

[Event "Moscow Open 2009 C"]
[Site "?"]
[Date "2009.02.03"]
[Round "4.25"]
[White "Fominykh, Maria"]
[Black "Derbentseva, Irina"]
[Result "1-0"]
[WhiteElo "2279"]
[BlackElo "2080"]
[Annotator ""]
[Source ""]
[Remark ""]

1.Nf3 Nf6 2.g3 d5 3.Bg2 g6 4.O-O Bg7 5.d3 O-O 6.Nbd2 c5 7.e4
Nc6 8.Re1 d4 9.a4 e5 10.Nc4 Qc7 11.c3 b6 12.cxd4 cxd4 13.b4 a6
14.Bd2 Be6 15.Rc1 Bxc4 16.Rxc4 Qd7 17.Qc2 Rfc8 18.Rc1 Ne7 19.Nxe5
Qe6 20.Nc6 Re8 21.Nxd4 Qd7 22.Nf3 Rad8 23.d4 b5 24.Rc7 Qe6 25.Ng5
Qb6 26.Qb3 Ned5 27.exd5 Qxd4 28.d6 Rf8 29.Nxf7 Ng4 30.Nh6+ Kh8
31.Qg8+ Rxg8 32.Nf7# 1-0

[Event "Moscow Open 2009 C"]
[Site "?"]
[Date "2009.02.03"]
[Round "4.26"]
[White "Borisova, Elizaveta"]
[Black "Malinicheva, L."]
[Result "1-0"]
[WhiteElo "2270"]
[BlackElo "2068"]
[Annotator ""]
[Source ""]
[Remark ""]

1.d4 Nf6 2.c4 g6 3.Nc3 Bg7 4.e4 d6 5.f3 O-O 6.Be3 e5 7.d5 Nh5
8.Qd2 f5 9.O-O-O Na6 10.Bd3 Nc5 11.Bc2 a5 12.Nge2 Nf6 13.exf5
gxf5 14.h3 Bd7 15.g4 f4 16.Bf2 Be8 17.Bxc5 dxc5 18.Ne4 Nxe4 19.Bxe4
Bg6 20.Nc3 Qe8 21.h4 Bxe4 22.Nxe4 Qa4 23.Qc2 Qxc2+ 24.Kxc2 b6
25.d6 Rf7 26.dxc7 Rxc7 27.Rd6 Rb8 28.Rhd1 h6 29.Rd8+ Rxd8 30.Rxd8+
Kf7 31.Rb8 Rc6 32.Rb7+ Kg8 33.Kb3 Bf8 34.Ka4 Rc8 35.Nf6+ 1-0

[Event "Moscow Open 2009 C"]
[Site "?"]
[Date "2009.02.03"]
[Round "4.27"]
[White "Shumilina, Alexandra"]
[Black "Maslova, Elena"]
[Result "1-0"]
[WhiteElo "2269"]
[BlackElo "2068"]
[Annotator ""]
[Source ""]
[Remark ""]

1.Nf3 Nf6 2.g3 c5 3.Bg2 Nc6 4.O-O d5 5.c4 e5 6.d3 Be7 7.Nbd2
O-O 8.a3 e4 9.Ne1 Ne5 10.cxd5 exd3 11.e4 c4 12.h3 Bc5 13.Kh1
Neg4 14.hxg4 Nxg4 15.Nxc4 Nxf2+ 16.Rxf2 Bxf2 17.Bf4 b5 18.Nxd3
Bxg3 19.Bxg3 bxc4 20.Nc5 Qg5 21.Qe1 f5 22.exf5 Bxf5 23.Ne6 Qh5+
24.Kg1 Rae8 25.Qe5 Qg4 26.Rf1 Rf6 27.Bf3 Qg6 28.Bg2 h5 29.Nf4
Qf7 30.Qd4 Bd3 31.Nxd3 Rxf1+ 32.Bxf1 Qg6 33.Kh2 cxd3 34.Bxd3
Qg5 35.Qf4 Qe7 36.d6 Qb7 37.Bc4+ Kh8 38.b3 Rc8 39.Qf5 g6 40.Qxg6
Rxc4 41.Be5+ 1-0

[Event "Moscow Open 2009 C"]
[Site "?"]
[Date "2009.02.03"]
[Round "4.28"]
[White "Akatova, Ekaterina"]
[Black "Eryshkanova, Anastasiya"]
[Result "1-0"]
[WhiteElo "2261"]
[BlackElo "2055"]
[Annotator ""]
[Source ""]
[Remark ""]

1.e4 e5 2.Nf3 Nc6 3.Bb5 Nf6 4.O-O Nxe4 5.d4 Be7 6.d5 Nb8 7.Nxe5
O-O 8.Re1 f5 9.d6 Nxd6 10.Bc4+ Kh8 11.Qh5 Rf6 12.Bg5 g6 13.Nxg6+ 1-0

[Event "Moscow Open 2009 C"]
[Site "?"]
[Date "2009.02.03"]
[Round "4.29"]
[White "Lelekova, Olga"]
[Black "Goryachkina, Aleksandra"]
[Result "1-0"]
[WhiteElo "2222"]
[BlackElo "2020"]
[Annotator ""]
[Source ""]
[Remark ""]

1.e4 d5 2.exd5 Qxd5 3.Nc3 Qd6 4.d4 Nf6 5.Nf3 a6 6.g3 Bg4 7.Bg2
Nc6 8.d5 Ne5 9.Bf4 Bxf3 10.Bxf3 Nxf3+ 11.Qxf3 Qc5 12.O-O-O O-O-O
13.Rhe1 g6 14.Be5 Bg7 15.a3 Rhe8 16.Rd3 Rf8 17.b4 Qb6 18.Bd4
Qd6 19.Bc5 Qd7 20.Rxe7 Qg4 21.Qe3 Rfe8 22.d6 Rxe7 23.Qxe7 Qd7
24.Qe3 Ng4 25.Qe2 Re8 26.Qd1 Ne5 27.Rd5 c6 28.Na4 Nc4 29.Rd3
Re6 30.Nb6+ Nxb6 31.Bxb6 f5 32.Bc7 Bf8 33.f4 Rf6 34.a4 b5 35.axb5
axb5 36.Qd2 Re6 37.h3 Rf6 38.Qc3 Re6 39.Qd4 Bxd6 40.Bxd6 Re1+
41.Kd2 Re6 42.Be5 Qxd4 43.Rxd4 Re7 44.Rd6 Rd7 45.Rxd7 Kxd7 46.Kd3 1-0

[Event "Moscow Open 2009 C"]
[Site "?"]
[Date "2009.02.03"]
[Round "4.30"]
[White "Matveeva, Olga"]
[Black "Sorokina, Nadejda"]
[Result "1-0"]
[WhiteElo "2219"]
[BlackElo "1870"]
[Annotator ""]
[Source ""]
[Remark ""]

1.d4 d5 2.c4 e6 3.Nc3 Nf6 4.cxd5 exd5 5.Bg5 Be7 6.e3 O-O 7.Qc2
c6 8.Bd3 Nbd7 9.Nge2 h6 10.Bh4 b6 11.O-O Bb7 12.Rad1 Rc8 13.f3
c5 14.Qd2 Re8 15.Kh1 a6 16.a4 Qc7 17.Bf5 c4 18.Bg3 Bd6 19.Bxd6
Qxd6 20.Ng3 Bc6 21.e4 Qc7 22.e5 Nh7 23.Bxh7+ Kxh7 24.Nf5 Rb8
25.f4 b5 26.axb5 axb5 27.Qc2 Kg8 28.Rf3 Nf8 29.Rg3 Ng6 30.Nxh6+
Kf8 31.Nf5 b4 32.Ne2 Bd7 33.Nd6 Red8 34.f5 Ne7 35.f6 Ng6 36.Nxf7
Ba4 37.Qxg6 Qxf7 38.Qxf7+ Kxf7 39.Rxg7+ Ke6 40.Rf1 Rdc8 41.Re7# 1-0

[Event "Moscow Open 2009 C"]
[Site "?"]
[Date "2009.02.03"]
[Round "4.31"]
[White "Frolova, Ekaterina"]
[Black "Bezgodova, Svetlana"]
[Result "0-1"]
[WhiteElo "1948"]
[BlackElo "2214"]
[Annotator ""]
[Source ""]
[Remark ""]

1.e4 e5 2.Nf3 Nc6 3.Bb5 a6 4.Ba4 Nf6 5.O-O Be7 6.Re1 b5 7.Bb3
d6 8.c3 O-O 9.h3 h6 10.d4 Re8 11.Nbd2 Bf8 12.Bc2 Bb7 13.d5 Ne7
14.a4 c6 15.dxc6 Bxc6 16.Nf1 Ng6 17.Ng3 Qc7 18.axb5 axb5 19.Rxa8
Rxa8 20.Qe2 Qb7 21.Nh2 b4 22.c4 b3 23.Bd3 Nd7 24.Nf5 Nc5 25.Ng4
Ra1 26.Qe3 h5 27.Nh2 Nf4 28.Bf1 Bxe4 29.Nh4 g6 30.Bd2 Rxe1 31.Bxe1
Bh6 32.Qg3 Bd3 33.Qf3 e4 34.Qg3 Kh7 35.Bc3 Bxf1 36.Kxf1 Qa6 37.Qe3
Qxc4+ 38.Ke1 Nfd3+ 0-1

[Event "Moscow Open 2009 C"]
[Site "?"]
[Date "2009.02.03"]
[Round "4.33"]
[White "Skakun, Valentina"]
[Black "Pustovoitova, Daria"]
[Result "0-1"]
[WhiteElo "1700"]
[BlackElo "2314"]
[Annotator ""]
[Source ""]
[Remark ""]

1.d4 d5 2.c4 e6 3.Nc3 Be7 4.cxd5 exd5 5.Bf4 Nf6 6.e3 O-O 7.Nge2
Nh5 8.Be5 f6 9.Bg3 Be6 10.Nc1 Bf7 11.Be2 Nxg3 12.hxg3 Bb4 13.Bd3
Bxc3+ 14.bxc3 g6 15.Qg4 Qd7 16.Qh4 Be6 17.Ne2 Qg7 18.Nf4 Bf7
19.Kd2 Nd7 20.Rh2 Rfc8 21.Rah1 Nf8 22.Nh3 c5 23.f4 cxd4 24.exd4
Rc6 25.Nf2 Rac8 26.Nd1 Be8 27.Ne3 Qf7 28.Ng4 Qc7 29.Nxf6+ Rxf6
30.Qxf6 Qxc3+ 31.Ke2 Rc6 32.Qd8 Re6+ 33.Kf2 Qxd4+ 0-1

[Event "Moscow Open 2009 C"]
[Site "?"]
[Date "2009.02.03"]
[Round "4.34"]
[White "Fatalibekova, Elena"]
[Black "Fastova, Tatiana"]
[Result "0-1"]
[WhiteElo "2243"]
[BlackElo "2005"]
[Annotator ""]
[Source ""]
[Remark ""]

1.e4 c5 2.Nf3 Nc6 3.d4 cxd4 4.Nxd4 Qb6 5.Nb3 Nf6 6.Nc3 e6 7.Bd3
d6 8.Be3 Qc7 9.f4 Be7 10.Qf3 a6 11.O-O-O b5 12.g4 Nd7 13.Rhe1
Nb6 14.Nd4 Bd7 15.Nf5 exf5 16.Bxb6 Qxb6 17.Nd5 Qd8 18.exf5 O-O
19.Be4 Rc8 20.Nxe7+ Nxe7 21.Rxd6 Qc7 22.Red1 Bc6 23.f6 Bxe4 24.Qxe4
Ng6 25.c3 Qc4 26.Qxc4 Rxc4 27.f5 Ne5 28.h3 gxf6 29.R1d4 Rfc8
30.Rxc4 Rxc4 31.Rxa6 b4 32.Kc2 bxc3 33.bxc3 Kg7 34.Kb3 h5 35.gxh5
Rh4 36.a4 Rxh5 37.a5 Rxf5 38.Rd6 Rf1 39.Ka2 Rf3 40.Kb3 Rxh3 41.a6
f5 42.a7 Rh8 43.Ra6 Ra8 44.Kc2 f6 45.Kd2 Kg6 46.Ke2 Kg5 47.Kf2
Nd3+ 48.Ke3 Nc5 49.Ra5 Ne4 50.c4 Nd6 51.Kf3 Nxc4 52.Ra6 Ne5+
53.Kf2 Nd3+ 54.Kf3 Nb4 55.Ra4 Nc6 56.Ra6 Ne5+ 57.Kf2 f4 58.Ra1
f5 59.Ra5 Kf6 60.Ra4 Ke6 61.Ke2 Nc6 62.Ra6 Kd6 63.Kf3 Rxa7 64.Rb6
Ra4 65.Rb2 Ne5+ 66.Ke2 Kd5 67.Rd2+ Ke4 0-1

[Event "Moscow Open 2009 C"]
[Site "?"]
[Date "2009.02.03"]
[Round "4.35"]
[White "Dogodkina, Julia"]
[Black "Bogumil, Tatiana"]
[Result "1-0"]
[WhiteElo "2003"]
[BlackElo "2218"]
[Annotator ""]
[Source ""]
[Remark ""]

1.e4 c5 2.Nf3 Nc6 3.d4 cxd4 4.Nxd4 Nf6 5.Nc3 d6 6.Bg5 Qb6 7.Nb3
Be6 8.Be3 Qd8 9.f4 Ng4 10.Bg1 h5 11.Nd5 Bd7 12.Qd2 Nf6 13.Nxf6+
gxf6 14.O-O-O Qc7 15.Kb1 Bg7 16.Bc4 Rc8 17.Bd3 a5 18.Nd4 Nxd4
19.Bxd4 b5 20.Rhf1 Qb7 21.Qxa5 Ra8 22.Qb6 Qxb6 23.Bxb6 f5 24.exf5
Ra6 25.Bf2 Bf6 26.Rfe1 O-O 27.g4 Ra4 28.g5 Bd4 29.Bxd4 Rxd4 30.f6
Rxf4 31.Rxe7 Be6 32.b3 b4 33.Be2 Rf2 34.Bxh5 Bf5 35.Re2 Rf4 36.Rxd6
Rh4 37.Bf3 Kh7 38.Rd5 Bg6 39.Rde5 Rd8 40.Kb2 Rdd4 41.a3 Rhf4
42.Bd5 Bh5 43.Be4+ Bg6 44.Bxg6+ Kxg6 45.axb4 Rxb4 46.c3 Rb8 47.b4
Rf3 48.h4 Rc8 49.R2e3 Rf4 50.R5e4 Rf2+ 51.Kb3 Rf1 52.Re8 Rc6
53.Rg8+ Kf5 54.h5 Rb1+ 55.Ka2 Rh1 56.g6 1-0

[Event "Moscow Open 2009 C"]
[Site "?"]
[Date "2009.02.03"]
[Round "4.36"]
[White "Kostrikina, Anna"]
[Black "Blokhina, Elvira"]
[Result "1-0"]
[WhiteElo "2157"]
[BlackElo "1996"]
[Annotator ""]
[Source ""]
[Remark ""]

1.e4 c5 2.Nf3 d6 3.d4 cxd4 4.Nxd4 Nf6 5.Nc3 a6 6.Be2 e6 7.O-O
Be7 8.f4 Qc7 9.Be3 O-O 10.Bf3 Nc6 11.Kh1 Bd7 12.Nb3 b5 13.a3
Rac8 14.Qe2 e5 15.f5 Na5 16.Nxa5 Qxa5 17.g4 Ne8 18.Nd5 Bd8 19.Bb6
Bxb6 20.b4 Qa4 21.Nxb6 Rxc2 22.Qd3 Rc7 23.Nxa4 bxa4 24.Qxa6 1-0

[Event "Moscow Open 2009 C"]
[Site "?"]
[Date "2009.02.03"]
[Round "4.37"]
[White "Airapetian, Tatevik"]
[Black "Pischurina, Ekaterina"]
[Result "1-0"]
[WhiteElo "2145"]
[BlackElo "1991"]
[Annotator ""]
[Source ""]
[Remark ""]

1.e4 c5 2.Nf3 d6 3.d4 cxd4 4.Nxd4 Nf6 5.Nc3 g6 6.Be3 Bg7 7.f3
O-O 8.Qd2 Nc6 9.Bc4 Nd7 10.O-O-O Nde5 11.Bd5 Na5 12.Qe2 Bd7 13.Nb3
Rc8 14.Bd4 Nac6 15.Bxc6 Nxc6 16.Bxg7 Kxg7 17.h4 h5 18.g4 hxg4
19.f4 Rh8 20.Kb1 Rh5 21.Qd2 Be6 22.Ne2 Qh8 23.Qe1 Kf8 24.Nbd4
Nxd4 25.Nxd4 Bd7 26.c3 Qf6 27.Qg3 Rc4 28.Rde1 Rcc5 29.Nb3 Rc4
30.Nd4 e5 31.fxe5 dxe5 32.Nc2 Qf3 33.Qg1 Rxe4 34.Qc5+ Kg7 35.Ref1
Qd3 36.Rd1 Qb5 37.Qe7 Be6 38.Rd6 Qc4 39.b3 Qc8 40.Kb2 Re2 41.Rf1
Rh8 42.Qf6+ Kh7 43.h5 Rh2 44.hxg6+ fxg6 45.Rxe6 Rg8 46.Re7+ Kh6
47.Qxe5 1-0